000 00308nam a2200133 i 4500
001 bg
100 1 _aREISIG, Wolfgang
245 0 _aSieci Petriego :
_bwprowadzenie /
_cW.Reisig.
260 _aWarszawa,
_c1988.
040 _cBPK
041 _apol
942 _cKS
008 s pl f |000 0 pol
999 _c28678
_d28678
856 _uhttp://koha.tu.koszalin.pl/cgi-bin/koha/opac-detail.pl?biblionumber=28678
_yKatalog online BPK